<?xml version="1.0" encoding="UTF-8"?>
<collection xmlns="http://www.loc.gov/MARC21/slim">
 <record>
  <leader>03806nam a2200397 a 4500</leader>
  <controlfield tag="001">1/49395</controlfield>
  <controlfield tag="008">200709s2010    gr ao         00110 gre  </controlfield>
  <datafield tag="020" ind1=" " ind2=" ">
   <subfield code="a">9789606757297</subfield>
  </datafield>
  <datafield tag="035" ind1=" " ind2=" ">
   <subfield code="l">52398</subfield>
  </datafield>
  <datafield tag="040" ind1=" " ind2=" ">
   <subfield code="a">GR-PeUP</subfield>
  </datafield>
  <datafield tag="082" ind1="0" ind2="0">
   <subfield code="a">708.9495 ΕΡΓ</subfield>
  </datafield>
  <datafield tag="245" ind1="0" ind2="0">
   <subfield code="a">Έργα τέχνης από τη συλλογή της Βουλής των Ελλήνων /</subfield>
   <subfield code="c">[γενική επιμέλεια: Ευριδίκη Αμπατζή και Θεόδωρος Κουτσογιάννης ; κείμενα: Χρύσανθος Χρήστου και Μαρία Κατσανάκη ; εκδοτική επιμέλεια: Άννα Καραπάνου].</subfield>
  </datafield>
  <datafield tag="250" ind1=" " ind2=" ">
   <subfield code="a">2η αναθ. έκδ.</subfield>
  </datafield>
  <datafield tag="260" ind1="0" ind2=" ">
   <subfield code="a">Αθήνα :</subfield>
   <subfield code="b">Ίδρυμα της Βουλής των Ελλήνων για τον Κοινοβουλευτισμό και τη Δημοκρατία,</subfield>
   <subfield code="c">c2010.</subfield>
  </datafield>
  <datafield tag="300" ind1=" " ind2=" ">
   <subfield code="a">491 σ. :</subfield>
   <subfield code="b">έγχρ. είκ. ;</subfield>
   <subfield code="c">30 εκ.</subfield>
  </datafield>
  <datafield tag="504" ind1=" " ind2=" ">
   <subfield code="a">Περιέχει βιβλιογραφικές αναφορές (σ. 478-481) και ευρετήριο.</subfield>
  </datafield>
  <datafield tag="520" ind1="0" ind2=" ">
   <subfield code="a">Στο λεύκωμα παρουσιάζονται τα έργα τέχνης της συλλογής της Βουλής των Ελλήνων, πλαισιωμένα από σύντομα βιογραφικά των καλλιτεχνών. Στη συλλογή, η οποία άρχισε να εμπλουτίζεται συστηματικά από το 1995, περιλαμβάνονται έργα Ελλήνων, αλλά και ξένων καλλιτεχνών, που αφορούν κυρίως θέματα ελληνικού ενδιαφέροντος. -- Κριτήριο για τις επιλογές των έργων αποτέλεσαν η καλή ποιότητα και η εκπροσώπηση των σημαντικών Ελλήνων δημιουργών στη συλλογή, από τον 19ο αιώνα (Βρυζάκης, Βολανάκης, Αλταμούρας, Γύζης, Λύτρας, Ιακωβίδης, Πανταζής, κ.ά.) έως τη γενιά του '30 (Θεόφιλος Χατζημιχαήλ, Βασιλείου, Τσαρούχης, Γιολδάσης, Εγγονόπουλος, Χατζηκυριάκος-Γκίκας) και τους σύγχρονους καλλιτέχνες (Καπράλος, Κοντόπουλος, Σπυρόπουλος, Τσίγκος, Καλιγιάννης, Πρέκας, Μυταράς, Ρόρρης, Αργυράκης, κ.ά.).</subfield>
  </datafield>
  <datafield tag="610" ind1="2" ind2="4">
   <subfield code="a">Ελλάδα.</subfield>
   <subfield code="b">Βουλή.</subfield>
  </datafield>
  <datafield tag="650" ind1=" " ind2="4">
   <subfield code="a">Ζωγραφική, Ελληνική</subfield>
   <subfield code="y">20ός αι.</subfield>
  </datafield>
  <datafield tag="650" ind1=" " ind2="4">
   <subfield code="a">Ζωγραφική</subfield>
   <subfield code="z">Ελλάδα</subfield>
   <subfield code="y">18ος-19ος αιώνας.</subfield>
  </datafield>
  <datafield tag="650" ind1=" " ind2="4">
   <subfield code="a">Ζωγραφική</subfield>
   <subfield code="x">Ιδιωτικές συλλογές</subfield>
   <subfield code="y">Ελλάδα</subfield>
   <subfield code="x">Εκθέσεις.</subfield>
  </datafield>
  <datafield tag="650" ind1=" " ind2="4">
   <subfield code="a">Τέχνη, Ελληνική</subfield>
   <subfield code="y">19ος-20ος αι.</subfield>
  </datafield>
  <datafield tag="650" ind1=" " ind2="4">
   <subfield code="a">Τέχνη, Ελληνική</subfield>
   <subfield code="y">20ός αι.</subfield>
  </datafield>
  <datafield tag="650" ind1=" " ind2="4">
   <subfield code="a">Συλλέκτες και συλλογές.</subfield>
  </datafield>
  <datafield tag="650" ind1=" " ind2="4">
   <subfield code="a">Art, Greek</subfield>
   <subfield code="y">20th century.</subfield>
  </datafield>
  <datafield tag="650" ind1=" " ind2="4">
   <subfield code="a">Art, Greek</subfield>
   <subfield code="y">19th century.</subfield>
  </datafield>
  <datafield tag="650" ind1=" " ind2="4">
   <subfield code="a">Collectors and collecting.</subfield>
  </datafield>
  <datafield tag="650" ind1=" " ind2="4">
   <subfield code="a">Painting, Greek</subfield>
   <subfield code="y">19th century.</subfield>
  </datafield>
  <datafield tag="650" ind1=" " ind2="4">
   <subfield code="a">Painting, Greek</subfield>
   <subfield code="x">20th century.</subfield>
  </datafield>
  <datafield tag="650" ind1=" " ind2="4">
   <subfield code="a">Painting</subfield>
   <subfield code="x">Private collections</subfield>
   <subfield code="z">Greece</subfield>
   <subfield code="x">Exhibitions.</subfield>
  </datafield>
  <datafield tag="700" ind1="1" ind2=" ">
   <subfield code="a">Αμπατζή, Ευριδίκη.</subfield>
  </datafield>
  <datafield tag="700" ind1="1" ind2=" ">
   <subfield code="a">Κουτσογιάννης, Θοδωρής.</subfield>
  </datafield>
  <datafield tag="700" ind1="1" ind2=" ">
   <subfield code="a">Χρήστου, Χρύσανθος,</subfield>
   <subfield code="d">1922-</subfield>
  </datafield>
  <datafield tag="700" ind1="1" ind2=" ">
   <subfield code="a">Κατσανάκη, Μαρία.</subfield>
  </datafield>
  <datafield tag="700" ind1="1" ind2=" ">
   <subfield code="a">Καραπάνου, Άννα.</subfield>
  </datafield>
  <datafield tag="852" ind1=" " ind2=" ">
   <subfield code="a">INST</subfield>
   <subfield code="b">UNIPILB</subfield>
   <subfield code="c">MAIN</subfield>
   <subfield code="e">20200709</subfield>
   <subfield code="h">708.9495 ΕΡΓ</subfield>
   <subfield code="p">00183287</subfield>
   <subfield code="q">00183287</subfield>
   <subfield code="t">LOAN</subfield>
   <subfield code="y">0</subfield>
   <subfield code="4">1</subfield>
  </datafield>
 </record>
</collection>
